Jamalul Quran : / جمال القرآن (Record no. 29167)

MARC details
000 -LEADER
fixed length control field 00602nam a22002057a 4500
003 - CONTROL NUMBER IDENTIFIER
control field BDDh-ASL
005 - DATE AND TIME OF LATEST TRANSACTION
control field 20231015031012.0
008 - FIXED-LENGTH DATA ELEMENTS--GENERAL INFORMATION
fixed length control field 220914n ii ||||| |||| 00| 0 urd d
040 ## - CATALOGING SOURCE
Original cataloging agency BDDh-ASL
Transcribing agency BDDh-ASL
041 ## - LANGUAGE CODE
Language code of text/sound track or separate title urd
082 ## - DEWEY DECIMAL CLASSIFICATION NUMBER
Classification number 297.122
Item number THJ
100 1# - MAIN ENTRY--PERSONAL NAME
9 (RLIN) 6472
Personal name Thanvi, Ashraf Ali
245 10 - TITLE STATEMENT
Title Jamalul Quran : / جمال القرآن
246 ## - VARYING FORM OF TITLE
Title proper/short title Hariqul Ashrar : / حارق الاشرار
246 ## - VARYING FORM OF TITLE
Title proper/short title Jawabat Mahzurat : / جوابات محذورات
260 ## - PUBLICATION, DISTRIBUTION, ETC.
Place of publication, distribution, etc. Delhi :
Name of publisher, distributor, etc. Khutubkhana Ashrafiya ,
300 ## - PHYSICAL DESCRIPTION
Extent 32 p. :
Dimensions 23 cm.
650 #0 - SUBJECT ADDED ENTRY--TOPICAL TERM
9 (RLIN) 1854
Topical term or geographic name entry element Quran
942 ## - ADDED ENTRY ELEMENTS (KOHA)
Source of classification or shelving scheme Dewey Decimal Classification
Koha item type Books
Holdings
Withdrawn status Lost status Source of classification or shelving scheme Damaged status Not for loan Collection code Home library Current library Shelving location Date acquired Source of acquisition Serial Enumeration / chronology Total Checkouts Full call number Barcode Date last seen Copy number Price effective from Koha item type Public note
    Dewey Decimal Classification   Not For Loan Non-fiction Asiatic Society Library Asiatic Society Library General Stacks 09/14/2022 ASB Collections U-0826-A-B   297.122 THJ 117352 09/14/2022 C-1 09/14/2022 Books Y-0000

Powered by Koha